Länder Ozeaniens - Sudden Death - Statistiken

Allgemein
  • Dieses Quiz wurde 451 mal gespielt
  • Das Durchschnittsergebnis liegt bei 12 aus 15
Answers on the Grid
Answers color-coded by a green-red scale on the quiz's grid according to % correct below.
Fidschi
Samoa
Nauru
Seychellen
Brunei
Komoren
Mikronesien
Neuseeland
Salomonen
Osttimor
Grenada
Barbados
Tonga
Vanuatu
Australien
Togo
Benin
Sri Lanka
Papua-Neuguinea
Salomonen
Marshallinseln
Burundi
St. Lucia
Dominica
Tuvalu
Kiribati
Palau
Kap Verde
Sao Tome und Principe
Antigua und Barbuda
St. Kitts und Nevis
Haiti
 
Antwortstatistiken
Antwort % Korrekt
Fidschi
98%
Nauru
88%
Samoa
85%
Neuseeland
84%
Mikronesien
82%
Salomonen
78%
Australien
76%
Tuvalu
75%
Marshallinseln
74%
Vanuatu
73%
Palau
72%
Tonga
72%
Papua-Neuguinea
71%
Salomonen
71%
Kiribati
70%
Keine übereinstimmenden Quizze gefunden
Verteilung der Resultate
Anzahl Personen mit jedem Resultat
Perzentil nach korrekt beantworteten Fragen
Ihre Resultats-Entwicklung
Sie haben dieses Quiz noch nicht gespielt